Statistics for Countries with the Most People at Risk from Rising Sea Levels in 2100

Click here to take the quiz!

General Stats

  • This quiz has been taken 101 times
  • The average score is 16 of 20

Answer Stats

People at Risk% of PopulationCountry% Correct
50.5 m4%China
98%
3.1 m1%United States
98%
12.6 m1%India
97%
12.8 m10%Japan
96%
10.2 m4%Indonesia
93%
2.6 m4%United Kingdom
90%
1.7 m1%Brazil
88%
6.2 m7%Philippines
86%
10.2 m7%Bangladesh
83%
1.3 m2%France
82%
8.2 m12%Thailand
82%
23.4 m26%Vietnam
82%
0.8 m1%Italy
79%
1.2 m4%Malaysia
79%
7.8 m47%Netherlands
79%
1 m2%South Korea
73%
1.7 m2%Germany
65%
4.7 m9%Myanmar
65%
1 m4%Taiwan
65%
0.8 m1%Nigeria
52%

Score Distribution

Percentile by Number Answered

Percent of People with Each Score

Your Score History

You have not taken this quiz